Statistics for NBA teams by clue

Click here to take the quiz!

General Stats

  • This quiz has been taken 1,042 times
  • The average score is 16 of 30

Answer Stats

HintAnswer% Correct
Jurassic ParkRaptors
95%
common birdHawks
85%
StormThunder
84%
American Ninja ____Warriors
84%
Not quite a beeHornets
73%
body of waterLakers
73%
KnickerbockerKnicks
68%
bunny out of a hatMagic
68%
FireHeat
66%
Berenstain BearsGrizzlies
55%
CowboySpurs
55%
Declaration of Independence76ers
53%
woofTimberwolves
53%
your a ___ Harry!Wizards
53%
horsesMavericks
52%
lawn cuttersClippers
50%
gears andPistons
48%
Wait, I thought they where the HornetsPelicans
45%
StarSuns
45%
cashBucks
44%
Louis ArmstrongJazz
40%
OleBulls
38%
McDonaldsNuggets
36%
Top of the morningCeltics
35%
medieval timesKings
35%
carPacers
33%
ncaa winners get thisNets
32%
pioneerTrail Blazers
26%
jessie and jamesRockets
25%
King CharlesCavaliers
19%

Score Distribution

Percentile by Number Answered

Percent of People with Each Score

Your Score History

You have not taken this quiz